| 000 | 00896nam a2200289Ia 4500 | ||
|---|---|---|---|
| 003 | OSt | ||
| 005 | 20220928130742.0 | ||
| 006 | a|||||r|||| 00| 0 | ||
| 007 | ta | ||
| 008 | 220927b |||||||| |||| 00| 0 eng d | ||
| 020 | _c3373.3665000000001 | ||
| 024 | _a111030 | ||
| 037 |
_b309, 07/02/2011, N.R.Book Distributors _cTextual |
||
| 040 |
_aSDCL _cSDCL _beng |
||
| 041 |
_2eng _aeng |
||
| 082 | _aL:4:56, P7 | ||
| 100 |
_aKindt Thomas J _9475096 |
||
| 245 | 0 | _aKuby immunology. | |
| 250 | _a6 | ||
| 260 |
_aNew York _b W H Freeman and Company _c2007 |
||
| 300 |
_axxii,574+I-27p. _ccm. |
||
| 650 | _aPlant Molecular Biology | ||
| 700 |
_a Goldsby Richard A _9475097 |
||
| 700 |
_a Osborne Barbara A _9475098 |
||
| 942 |
_hL:4:56, P7 _cTEXL _2CC |
||
| 999 |
_c788387 _d788387 |
||